Países de Asia - Ducus - Estadísticas

Estadísticas generales
  • Esta prueba ha sido intentada 37 veces
  • La puntuación promedio es 47 de 48
Respuestas en el mapa
Las respuestas están codificadas por una escala verde-roja en el mapa de la prueba según el % correcto abajo.
 
Estadísticas de respuestas
País % Correcto
Afganistán
100%
Azerbaiyán
100%
Bangladés
100%
Baréin
100%
Bután
100%
Camboya
100%
China
100%
Chipre
100%
Corea del Norte
100%
Corea del Sur
100%
Filipinas
100%
Georgia
100%
India
100%
Indonesia
100%
Irak
100%
Irán
100%
Israel
100%
Japón
100%
Jordania
100%
Kuwait
100%
Laos
100%
Malasia
100%
Mongolia
100%
Myanmar
100%
Nepal
100%
Omán
100%
Pakistán
100%
Singapur
100%
Siria
100%
Tailandia
100%
Turquía
100%
Uzbekistán
100%
Vietnam
100%
Yemen
100%
Arabia Saudita
93%
Armenia
93%
Catar
93%
Emiratos Árabes Unidos
93%
Kazajistán
93%
Kirguistán
93%
Líbano
93%
Maldivas
93%
Sri Lanka
93%
Taiwán
93%
Turkmenistán
93%
Brunéi
87%
Timor Oriental
87%
Tayikistán
80%
No se encontraron pruebas coincidentes
Distribución de puntuación
Porcentaje de gente con cada puntuación
Porcentaje por número respondido
Historial de tus puntuaciones
No has intentado esta prueba.